|
|
|
|
| LEADER |
01384nam a22002897a 4500 |
| 001 |
29683 |
| 003 |
BD-DhAAL |
| 005 |
20150812112356.0 |
| 008 |
150812s1983 bg ||||| |||| 00| 0 eng d |
| 040 |
|
|
|a BD-DhAAL
|c BD-DhAAL
|
| 082 |
|
|
|2 22
|a 375
|
| 999 |
|
|
|c 35209
|d 35209
|
| 999 |
|
|
|c 35209
|
| 999 |
|
|
|c 0
|
| 999 |
|
|
|c 35189
|
| 245 |
|
|
|a শিক্ষা-সেবক সহায়িকা
|
| 260 |
|
|
|a ঢাকা :
|b বাংলাদেশ রুরাল এডভান্সমেন্ট কমিটি (ব্রাক) ,
|c ১৯৮৬
|
| 300 |
|
|
|a ৮৯ পৃ. :
|b চিত্র ;
|c ২৫ সে. মি.
|
| 541 |
|
|
|e 29683
|
| 650 |
|
|
|a Curriculum planning.
|9 10164
|
| 650 |
|
|
|a Curriculum planning
|9 10164
|
| 710 |
|
|
|a বাংলাদেশ রুরাল এডভান্সমেন্ট কমিটি (ব্রাক)
|9 13686
|
| 852 |
|
|
|a Ayesha Abed Library
|c General Stacks
|
| 942 |
|
|
|2 ddc
|c BK
|
| 952 |
|
|
|0 0
|1 0
|2 ddc
|4 0
|6 375_000000000000000_SHI
|7 0
|9 55198
|a BRACUL
|b BRACUL
|c GEN
|d 2015-08-12
|l 0
|o 375 SHI
|p 3010029683
|r 2015-08-12
|t 1
|w 2015-08-12
|y BK
|
| 952 |
|
|
|0 0
|1 0
|2 ddc
|4 0
|6 375_000000000000000_SHI
|7 0
|9 55505
|a BRACUL
|b BRACUL
|c GEN
|d 2015-08-24
|l 0
|o 375 SHI
|p 3010029817
|r 2015-08-24
|t 2
|w 2015-08-24
|y BK
|
| 952 |
|
|
|0 0
|1 0
|2 ddc
|4 0
|6 375_000000000000000_SHI
|7 0
|9 55506
|a BRACUL
|b BRACUL
|c GEN
|d 2015-08-24
|l 0
|o 375 SHI
|p 3010029818
|r 2015-08-24
|t 3
|w 2015-08-24
|y BK
|